| 000 | 01208nam a2200301Ia 4500 | ||
|---|---|---|---|
| 001 | ebr10167468 | ||
| 003 | CaPaEBR | ||
| 006 | m u | ||
| 007 | cr cn||||||||| | ||
| 008 | 060309s2006 nyu sb 011 0 eng d | ||
| 010 | _z 2006043424 | ||
| 020 | _z1403974896 (cloth) | ||
| 040 |
_aCaPaEBR _cCaPaEBR |
||
| 035 | _a(OCoLC)191662048 | ||
| 050 | 1 | 4 |
_aPN56.I44 _bK64 2006eb |
| 082 | 0 | 4 |
_a809/.93372 _222 |
| 100 | 1 | _aKoelb, Janice Hewlett. | |
| 245 | 1 | 4 |
_aThe poetics of description _h[electronic resource] : _bimagined places in European literature / _cJanice Hewlett Koelb. |
| 260 |
_aNew York : _bPalgrave Macmillan, _c2006. |
||
| 300 | _axii, 232 p. | ||
| 504 | _aIncludes bibliographical references and index. | ||
| 533 |
_aElectronic reproduction. _bPalo Alto, Calif. : _cebrary, _d2009. _nAvailable via World Wide Web. _nAccess may be limited to ebrary affiliated libraries. |
||
| 650 | 0 | _aImaginary places in literature. | |
| 650 | 0 |
_aEuropean literature _xHistory and criticism. |
|
| 655 | 7 |
_aElectronic books. _2local |
|
| 710 | 2 | _aebrary, Inc. | |
| 856 | 4 | 0 |
_uhttp://site.ebrary.com/lib/rucke/Doc?id=10167468 _zAn electronic book accessible through the World Wide Web; click to view |
| 999 |
_c246987 _d246987 |
||